| 000 | 01363nam a2200301 a 4500 | ||
|---|---|---|---|
| 001 | 77128 | ||
| 003 | BD-RjUL | ||
| 005 | 20211209082929.0 | ||
| 008 | 200225m19721968ii ||||| |||| 00| 0 ben d | ||
| 020 | _c: IRs. 9.00 (V-8 & 9) | ||
| 020 | _c: IRs. 10.00 (V-10 ) | ||
| 020 | _c: IRs. 12.00 (V-11 ) | ||
| 020 | _c: IRs. 10.00 (V-12 ) | ||
| 035 | _a(BD-RjUL)77352 | ||
| 040 |
_aBD-RjUL _bben _cBD-RjUL _dBD-RjUL |
||
| 041 | _aben | ||
| 082 |
_223 _a294.5092254 _bROB V-1-12 1968-1972 |
||
| 100 | 1 |
_aরায়, শঙ্করনাথ _9119563 |
|
| 245 | 1 | 0 |
_aভারতের সাধক / _cশঙ্করনাথ রায় |
| 250 | _a১ম প্রকাশ | ||
| 260 |
_aকলিকাতা : _bকরুণা প্রকাশনী, _c১৯৬৮ (ভাদ্র ১৩৭৫) -- ১৯৭২ (আশ্বিন ১৩৭৯) |
||
| 300 |
_a খন্ড. ; _c২১ সেমি. |
||
| 500 | _a"১৩৭০ সালে রবীন্দ্র পুরস্কার জয়ী মহান জীবনীগ্রন্থ" | ||
| 505 | 0 | _aখণ্ড ৮ --- খণ্ড ৯ -- খণ্ড ১০ -- খণ্ড ১১ -- খণ্ড ১২ -- | |
| 650 |
_aসাধক _zভারত _xসংগৃহীত জীবনী _9163843 |
||
| 650 |
_aSaints _zIndian _xCollected Biography _9163844 |
||
| 942 |
_2ddc _cBK |
||
| 999 |
_c77128 _d77128 |
||